| 000 | 00619nam a2200193Ia 4500 | ||
|---|---|---|---|
| 003 | GCL | ||
| 008 | 140319s9999 xx 000 0 ara d | ||
| 040 |
_aGCL / _cGCL |
||
| 082 | 0 | 4 |
_a859 _bب ا |
| 100 | 1 | _aكامل صليب | |
| 245 | 1 | 0 |
_aانحراف فى قصر العدالة والملكة والمتمردون / _cكامل صليب |
| 700 | 1 | _aبيتى، اوجو | |
| 300 | _a250 ص | ||
| 490 |
_aالالف كتاب _v0 |
||
| 650 | 0 | 4 | _aالادب العالمى المترجم |
| 650 | 0 | 4 | _aالمسرحيات الايطالية |
| 650 | 0 | 4 | _aالادب الايطالى المترجم |
| 942 |
_2ddc _cBK |
||
| 999 |
_c43927 _d43927 |
||